Länder Ligameister 25/26 - Statistiken

Allgemein
  • Dieses Quiz wurde 32 mal gespielt
  • Das Durchschnittsergebnis liegt bei 11 aus 15
Antwortstatistiken
Land liga Antwort % Korrekt
Deutschland 1.Bundesliga Bayern
100%
Deutschland 2.Bundesliga Schalke
100%
England Premier league Arsenal
97%
Spanien LaLiga Barcelona
97%
Italien Seria A Inter Mailand
93%
Frankreich Ligue 1 PSG
93%
Portugal Liga Portugal Porto
90%
Türkei Süper lig Galatasaray
87%
Schottland Scottish Premiership Celtic
80%
Niederlande Eredivisie PSV Eindhoven
73%
Deutschland 3.Bundesliga Osnabrück
70%
Schweiz Super league Thun
70%
Österreich Admiral Bundesliga Lask
57%
Polen Ekstraklasa Lech Posen
30%
Dänemark Superliga Aarhus GF
7%
Keine übereinstimmenden Quizze gefunden
Verteilung der Resultate
Anzahl Personen mit jedem Resultat
Perzentil nach korrekt beantworteten Fragen
Ihre Resultats-Entwicklung
Sie haben dieses Quiz noch nicht gespielt